000 00457nam a22001817a 4500
003 koha_MIRAKIL
005 20231213095846.0
008 231213b |||||||| |||| 00| 0 ||| d
020 _b978-6-05-520107-4
040 _aTR-IsEVY
_btur
_cTR-IsEVY
082 _a005.43 AKY/A
100 _aAkyüz, Şeref.
245 0 _aAndroid programlama.
260 _bDikeyeksen Yayıncılık,
_c2014
300 _a327
650 _aGenel Konular.
942 _2ddc
_cBK
999 _c10625
_d10625